000 00237nam a2200097Ia 4500
008 170619s9999 xx 000 0 und d
100 _aOstwald- Phillip
245 0 _aManufacturing Processes and Systems
260 _bWiley-India
260 _c2012
546 _aENGLISH
999 _c20559
_d20559